Mohou neurovědci číst naše myšlenky? : od detektoru lži po neuromarketing /
Uložené v:
| Hlavní autori: | , |
|---|---|
| Ďalší autori: | |
| Médium: | Kniha |
| Jazyk: | Czech English |
| Vydané: |
Praha :
Portál,
2018.
|
| Vydanie: | Vydání první |
| Témy: | |
| ISBN: |
9788026213185 (brož.) |
| Fyzický popis: |
150 strán, 4 nečíslované strany : fotografie, ilustrácie ; 20 cm. |
| Tagy: |
Pridať tag
Žiadne tagy, Buďte prvý kto otaguje tento záznam!
|
Titul je dostupný aj v ... 

MARC
| LEADER | 00000nam a2200000 4500 | ||
|---|---|---|---|
| 001 | 000581663 | ||
| 005 | 20180803102859.0 | ||
| 008 | 180529s2018 xr ao e 000 0 cze d | ||
| 020 | |a 9788026213185 (brož.) | ||
| 040 | |a SVKKK |b slo |c SVKKK |e AACR2 | ||
| 041 | 1 | |a cze |h eng | |
| 044 | |a xr |c CZ | ||
| 072 | 7 | |a 611 |x Anatómia človeka a porovnávacia anatómia |2 konspekt | |
| 080 | |a 611.8+612.8+161.8 |2 2011 | ||
| 080 | |a 611.81 |2 2011 | ||
| 080 | |a 612.82 |2 2011 | ||
| 080 | |a 616-073:537.635.082.79 |2 2011 | ||
| 080 | |a 611.81.018.83 |2 2011 | ||
| 080 | |a (0.062) |2 2011 | ||
| 100 | 1 | |a Sahakian, Barbara J. |4 aut | |
| 240 | 1 | 0 | |a Sex, Lies, and brain scans. |l Česky |
| 245 | 1 | 0 | |a Mohou neurovědci číst naše myšlenky? : |b od detektoru lži po neuromarketing / |c Barbara J. Sahakian, Julia Gottwald ; [z anglického originálu přeložil Vojtěch Pišl]. |
| 250 | |a Vydání první | ||
| 260 | |a Praha : |b Portál, |c 2018. | ||
| 300 | |a 150 strán, 4 nečíslované strany : |b fotografie, ilustrácie ; |c 20 cm. | ||
| 500 | |a Preložené z angličtiny | ||
| 500 | |a Poznámky | ||
| 504 | |a Bibliografické odkazy | ||
| 650 | 0 | 7 | |a mozog |2 SVKKKPH |
| 650 | 0 | 7 | |a neurovedy |2 SVKKKPH |
| 650 | 0 | 7 | |a nukleárna magnetická rezonancia |2 SVKKKPH |
| 650 | 0 | 7 | |a nervové dráhy |2 SVKKKPH |
| 650 | 0 | 7 | |a brain |2 SVKKKPHeng |
| 650 | 0 | 7 | |a neurosciences |2 SVKKKPHeng |
| 650 | 0 | 7 | |a nuclear magnetic resonance |2 SVKKKPHeng |
| 650 | 0 | 7 | |a neural pathway |2 SVKKKPHeng |
| 655 | 7 | |a populárno-náučné publikácie |2 SVKKKPH | |
| 655 | 7 | |a popular works |2 SVKKKPHeng | |
| 700 | 1 | |a Gottwald, Julia |4 aut | |
| 700 | 1 | |a Pišl, Vojtěch |4 trl | |
| 910 | |a svkkk | ||
| 919 | |a 978-80-262-1318-5 | ||
| 998 | |a BK | ||
| 090 | |g SCKHL |k Sklad Hlavná 10 prízemie |a III.242920 |j 1089609 |i 2720539268 |s Absenčne | ||
| 090 | |g SCKHL |k Sklad Hlavná 10 prízemie |a III.242921 |j 1089610 |i 2720539269 |s Absenčne | ||